Países que Tienen Reclamaciones Territoriales en Antártida - Estadísticas

Estadísticas generales
  • Esta prueba ha sido intentada 3.333 veces
  • La puntuación promedio es 6 de 7
Estadísticas de respuestas
País % Correcto
Argentina
96%
Chile
94%
Australia
88%
Reino Unido
87%
Nueva Zelanda
80%
Francia
78%
Noruega
57%
No se encontraron pruebas coincidentes
Distribución de puntuación
Porcentaje de gente con cada puntuación
Porcentaje por número respondido
Historial de tus puntuaciones
No has intentado esta prueba.